| 000 | 00365nam a2200145 a 4500 | ||
|---|---|---|---|
| 001 | 4140 | ||
| 005 | 20140414131924.0 | ||
| 008 | 090218s19uu xx 00 eng d | ||
| 020 | _a0-307-12396-0 | ||
| 050 |
_aER _bR83 1993 |
||
| 100 | _aMay, Robert L. | ||
| 245 | _aRudolph the red nosed reindeer. | ||
| 260 |
_aNew York : _bGolden Book, _c1993. |
||
| 999 |
_c111897 _d111897 |
||